Oldest Living Basketball Hall of Famers - Statistics

General Stats
  • This quiz has been taken 9 times
  • The average score is 2 of 10
Answer Stats
Age HOFer % Correct
95 Bob Cousy
100%
91 Bob Pettit
43%
92 Cliff Hagan
14%
89 Gene Bess
0%
88 Hank Nichols
0%
90 Hubie Brown
0%
88 Jerry Reinsdorf
0%
99 Lou Carnesecca
0%
92 Richie Guerin
0%
92 Sandro Gamba
0%
No matching quizzes found
Score Distribution
Percent of People with Each Score
Percentile by Number Answered
Your Score History
You have not taken this quiz